| 000 | 01284nam a22003614a 4500 | ||
|---|---|---|---|
| 001 | FLCbl2006013006 | ||
| 003 | CoBoFLC | ||
| 005 | 20181118173344.0 | ||
| 008 | 060522r19951995nyua j 000 1 spa d | ||
| 010 | _abl2006013006 | ||
| 020 | _a0590131591 (pbk.) | ||
| 020 | _a9780590131599 (pbk.) | ||
| 040 |
_aNjBwBT _cNjBwBT _dCoBoFLC |
||
| 041 | 1 |
_aspa _heng |
|
| 100 | 1 |
_aBrown, Margaret Wise, _d1910-1952. |
|
| 240 | 1 | 0 |
_aGoodnight moon. _lSpanish. |
| 245 | 1 | 0 |
_aBuenas noches, Luna / _cpor Margaret Wise Brown ; ilustraciones de Clement Hurd ; traducci©đn de Teresa Mlawer. |
| 260 |
_aNew York, N.Y. : _bScholastic, _cc1995. |
||
| 300 |
_a1 v. (unpaged) : _bill. (some col.) ; _c18 x 21 cm. |
||
| 500 | _aOriginally published: New York : HarperCollins, 1995. | ||
| 520 | _aBefore going to sleep, a little rabbit says goodnight to many different things. | ||
| 521 | 2 | _aPreschool. | |
| 650 | 0 |
_aBedtime _vJuvenile fiction. |
|
| 650 | 0 |
_aRabbits _vJuvenile fiction. |
|
| 650 | 1 |
_aBedtime _vFiction. |
|
| 650 | 1 |
_aRabbits _vFiction. |
|
| 655 | 0 | _aPicture books for children. | |
| 655 | 1 | _aSpanish language materials. | |
| 655 | 7 |
_aMateriales en espa©łol. _2local. |
|
| 700 | 1 |
_aHurd, Clement, _d1908-1988, _eillustrator. |
|
| 700 | 1 | _aMlawer, Teresa. | |
| 942 | _cBK | ||
| 999 |
_c21596 _d21596 |
||